Lyrics quiz, 2000s onwards - medium - Statistics

General Stats
  • This quiz has been taken 5 times
  • The average score is 1 of 15
Answer Stats
Hint Answer % Correct
Now you’re calling me up on the phone, so you can have a little whine and a moan Smile
75%
Got everyone watchin’ us, so baby let’s keep it secret, a little bit scandalous, but baby don’t let them see it Into you
25%
Get in the action, feel the attraction, colour my hair, do what i dare Man! I feel like a woman!
25%
I know that dress is karma, perfume regret, you got me thinking ‘bout when you were mine Attention
0%
When i found out how you messed me about, i was broken (heartbroken), back then i believed you, now i dont need you no more Cry me out
0%
On the upside of a downward spiral, my love for you went viral Drive by
0%
Where i’m from if you’re famous you don't go to Tinseltown, pose for a picture, smile, the fashionista’s out Frisky
0%
You got me in a crazy position, if you’re on a mission, you got my permission oh (oh) Gimme more
0%
I’m cilché, who cares, it’s a sexually explicit kind of love affair, and i cry, it’s not fair Good luck, babe!
0%
All this damn jewellery i bought, you was my shorty i thought I fall apart
0%
The days just seem so dark, the moon and the stars are nothing without you Lay me down
0%
These cigarettes won’t stop me wondering where you are, don’t let go, keep a hold Leave a light on
0%
Tremble for yourself my man, you know that you have seen this all before Little lion man
0%
Someone said you got your tattoo removed, saw you downtown singing the blues The one that got away
0%
Took a while, i was in denial when i first heard, that you moved on quicker than i could’ve ever, you know that hurt You broke me first
0%
No matching quizzes found
Score Distribution
Percent of People with Each Score
Percentile by Number Answered
Your Score History
You have not taken this quiz